| 000 | 00957nam a2200361 a 4500 | ||
|---|---|---|---|
| 003 | AR-BaBNM | ||
| 005 | 20251128205855.0 | ||
| 008 | 082120s2002 ||||||||||||||000 | spa|| | ||
| 020 | _a84-277-1042-9 | ||
| 040 | _cAR-BaBNM | ||
| 100 | 1 | _aSanuy Simón, Conchita | |
| 245 | 0 | 0 |
_aCascabelea _bactividades de expresión oral, corporal, musical y plástica |
| 260 |
_aMadrid _bNarcea _c1993 |
||
| 300 |
_a111 p. _bil., gráfs. |
||
| 490 | 0 | _aPrimeros años | |
| 650 | 4 | _aEDUCACION ARTISTICA | |
| 650 | 4 | _aMUSICA | |
| 650 | 4 | _aRITMO | |
| 650 | 4 | _aPOESIA | |
| 650 | 4 | _aEXPRESION ORAL | |
| 650 | 4 | _aARTES PLASTICAS | |
| 650 | 4 | _aTECNICAS DE ENSEÑANZA | |
| 650 | 4 | _aACTIVIDADES ESCOLARES | |
| 650 | 4 | _aJUEGOS EDUCATIVOS | |
| 650 | 4 | _aJUEGOS INFANTILES | |
| 650 | 4 | _aCREATIVIDAD | |
| 651 | 4 | _aEspaña | |
| 653 | _aEXPRESION CORPORAL | ||
| 653 | _aEDUCACION INICIAL | ||
| 653 | _aEDUCACION PRIMARIA | ||
| 942 | _cBK | ||
| 998 | _carturo | ||
| 999 |
_c13107 _d13107 |
||